| 000 | 00621nam a2200217 a 4500 | ||
|---|---|---|---|
| 005 | 20231108063728.0 | ||
| 008 | 140214s2009 mx r 000 0 spa d | ||
| 020 | _a9788497888684 | ||
| 035 | _aUPN01000195822 | ||
| 049 | _aCG | ||
| 050 | 4 |
_aLB1028.35 _bB6.6 |
|
| 100 | 1 |
_aBorges, Federico _935201 |
|
| 245 | 1 | 0 |
_aProfcasts : _baprender y eneñar con podcasts / _cFederico Borges. |
| 260 |
_aBarcelona, Esp. : _bUOC, _c2009. |
||
| 300 |
_a80 p. : _bil. |
||
| 440 | 0 |
_aTic- cero ; _v30 |
|
| 650 | 4 |
_aTecnología educativa _94978 |
|
| 650 | 4 |
_aComputadoras en la educación _94976 |
|
| 905 | _aLibro | ||
| 999 |
_c167923 _d167923 |
||